[Event "Dutch Open-ch 2019"]
[Site "Dieren"]
[Date "2019.08.01"]
[Round "9.11"]
[White "Neelotpal, Das"]
[Black "Sharma, Dinesh K."]
[Result "1-0"]
[WhiteElo "2406"]
[BlackElo "2299"]
[Annotator "NA"]
[PlyCount "77"]
[EventDate "2019.07.23"]
[EventType "swiss"]
[EventCountry "NED"]
[SourceTitle "playchess.com"]
[Source "ChessBase"]
[SourceQuality "1"]
[TimeControl "40/5400+30:1800+30"]

1. e4 {[%emt 0:00:00]} e6 {[%emt 0:00:00]} 2. d4 {[%emt 0:00:24]} d5 {[%emt 0:00:00]} 3. Nd2 {[%emt 0:00:03]} Nf6 {[%emt 0:00:19]} 4. e5 {[%emt 0:00:08]} Nfd7 {[%emt 0:00:03]} 5. Bd3 {[%emt 0:00:04]} c5 {[%emt 0:00:15]} 6. c3 {[%emt 0:00:03]} Nc6 {[%emt 0:00:09]} 7. Ne2 {[%emt 0:00:03]} cxd4 {[%emt 0:00:06]} 8. cxd4 {[%emt 0:00:03]} f6 {[%emt 0:00:08]} 9. exf6 {[%emt 0:00:03]} Nxf6 {[%emt 0:00:11]} 10. O-O {[%emt 0:00:03]} Bd6 {[%emt 0:00:35]} 11. Nf3 {[%emt 0:00:08]} Qc7 {[%emt 0:00:34]} 12. Nc3 {[%emt 0:06:14]} a6 {[%emt 0:00:14]} 13. Bg5 {[%emt 0:00:28]} O-O {[%emt 0:00:41]} 14. Rc1 {[%emt 0:00:43]} h6 {[%emt 0:03:28]} 15. Bh4 {[%emt 0:01:31]} Nh5 {[%emt 0:02:51]} 16. Bg6 {[%emt 0:14:29]} Nf4 {[%emt 0:02:49]} 17. Bb1 {[%emt 0:00:43]} g5 {[%emt 0:00:20]} 18. Bg3 {[%emt 0:01:19]} Qg7 {[%emt 0:02:10]} 19. Re1 {[%emt 0:07:38]} Bd7 {[%emt 0:06:03]} 20. Na4 {[%emt 0:07:39]} Rad8 {[%emt 0:17:47]} 21. Nc5 {[%emt 0:12:18]} Bxc5 {[%emt 0:05:11]} 22. Rxc5 {[%emt 0:00:12]} Be8 {[%emt 0:04:32]} 23. Ne5 {[%emt 0:07:23]} Nxe5 {[%emt 0:05:27]} 24. Rxe5 {[%emt 0:00:08]} Bh5 {[%emt 0:00:17]} 25. Qe1 {[%emt 0:05:48]} Rf6 {[%emt 0:09:37]} 26. Rc3 {[%emt 0:11:09]} Rdf8 {[%emt 0:04:49]} 27. Bd3 {[%emt 0:04:09]} Nxd3 {[%emt 0:08:44]} 28. Rxd3 {[%emt 0:00:06]} Bg6 {[%emt 0:00:05]} 29. Rc3 {[%emt 0:00:39]} Be4 {[%emt 0:00:09]} 30. f3 {[%emt 0:06:25]} Bf5 {[%emt 0:01:32]} 31. Ree3 {[%emt 0:00:15]} R6f7 {[%emt 0:00:26]} 32. Be5 {[%emt 0:00:42]} Qg6 {[%emt 0:00:35]} 33. g4 {[%emt 0:05:56]} Bb1 {[%emt 0:03:53]} 34. a4 {[%emt 0:01:16]} Bc2 {[%emt 0:02:27]} 35. b3 {[%emt 0:00:28]} b5 {[%emt 0:21:03]} 36. axb5 {[%emt 0:01:04]} axb5 {[%emt 0:00:00]} 37. Qe2 {[%emt 0:01:09]} Bb1 {[%emt 0:00:00]} 38. Bd6 {[%emt 0:01:44]} Re8 {[%emt 0:00:00]} 39. Qxb5 {[%emt 0:00:14]} 1-0

[Event "Dutch Open-ch 2019"]
[Site "Dieren"]
[Date "2019.08.01"]
[Round "9.12"]
[White "Lai, Hing Ting"]
[Black "Elgersma, Onno"]
[Result "1/2-1/2"]
[WhiteElo "2460"]
[BlackElo "2232"]
[Annotator "ChessBase"]
[PlyCount "63"]
[EventDate "2019.07.23"]
[EventType "swiss"]
[EventCountry "NED"]
[SourceTitle "playchess.com"]
[Source "ChessBase"]
[SourceQuality "1"]
[TimeControl "40/5400+30:1800+30"]

1. Nf3 {[%emt 0:00:00]} Nf6 {[%emt 0:00:00]} 2. g3 {[%emt 0:00:00]} d5 {[%emt 0:00:00]} 3. c4 {[%emt 0:00:03]} e6 {[%emt 0:00:00]} 4. d4 {[%emt 0:00:08]} Be7 {[%emt 0:00:00]} 5. Bg2 {[%emt 0:00:08]} O-O {[%emt 0:00:00]} 6. O-O {[%emt 0:00:05]} dxc4 {[%emt 0:00:03]} 7. Ne5 {[%emt 0:00:07]} Nc6 {[%emt 0:00:03]} 8. Nxc6 {[%emt 0:00:10]} bxc6 {[%emt 0:00:03]} 9. Na3 {[%emt 0:00:10]} Bxa3 {[%emt 0:00:05]} 10. bxa3 {[%emt 0:00:07]} Ba6 {[%emt 0:00:55]} 11. Qd2 {[%emt 0:00:15]} Rb8 {[%emt 0:00:09]} 12. Qa5 {[%emt 0:00:19]} Qc8 {[%emt 0:00:05]} 13. a4 {[%emt 0:00:46]} Rd8 {[%emt 0:00:15]} 14. e3 {[%emt 0:04:13]} c5 {[%emt 0:29:04]} 15. Qxc5 {[%emt 0:05:12]} Nd7 {[%emt 0:01:37]} 16. Qa5 {[%emt 0:03:26]} c5 {[%emt 0:03:12]} 17. Rd1 {[%emt 0:04:26]} Nf6 {[%emt 0:05:14]} 18. Ba3 {[%emt 0:03:17]} cxd4 {[%emt 0:01:24]} 19. Be7 {[%emt 0:01:41]} Rd7 {[%emt 0:15:06]} 20. Bxf6 {[%emt 0:00:06]} gxf6 {[%emt 0:00:03]} 21. exd4 {[%emt 0:00:16]} Bb7 {[%emt 0:00:33]} 22. Bxb7 {[%emt 0:07:02]} Qxb7 {[%emt 0:01:14]} 23. Qc3 {[%emt 0:02:03]} Qd5 {[%emt 0:00:25]} 24. Rac1 {[%emt 0:01:09]} Rc8 {[%emt 0:03:12]} 25. Rb1 {[%emt 0:04:05]} a6 {[%emt 0:01:06]} 26. Rb2 {[%emt 0:00:45]} Rcd8 {[%emt 0:02:47]} 27. Rb4 {[%emt 0:01:38]} Qh5 {[%emt 0:04:33]} 28. Rd2 {[%emt 0:02:32]} e5 {[%emt 0:06:56]} 29. Rxc4 {[%emt 0:00:41]} Qf5 {[%emt 0:02:30]} 30. Kg2 {[%emt 0:04:02]} Qe4+ {[%emt 0:05:34]} 31. Qf3 {[%emt 0:01:23]} f5 {[%emt 0:07:30]} 32. Qxe4 {[%emt 0:00:32]} 1/2-1/2

[Event "Dutch Open-ch 2019"]
[Site "Dieren"]
[Date "2019.08.01"]
[Round "9.13"]
[White "Kolbus, Dietmar"]
[Black "Konings, Frans"]
[Result "1-0"]
[WhiteElo "2281"]
[BlackElo "2208"]
[Annotator "NA"]
[PlyCount "79"]
[EventDate "2019.07.23"]
[EventType "swiss"]
[EventCountry "NED"]
[SourceTitle "playchess.com"]
[Source "ChessBase"]
[SourceQuality "1"]
[TimeControl "40/5400+30:1800+30"]

1. Nf3 {[%emt 0:00:00]} g6 {[%emt 0:00:00]} 2. c4 {[%emt 0:00:00]} Bg7 {[%emt 0:00:04]} 3. d4 {[%emt 0:00:30]} Nf6 {[%emt 0:00:28]} 4. Nc3 {[%emt 0:00:06]} d5 {[%emt 0:01:00]} 5. Bf4 {[%emt 0:00:44]} c5 {[%emt 0:01:18]} 6. dxc5 {[%emt 0:02:17]} Be6 {[%emt 0:02:56]} 7. cxd5 {[%emt 0:20:39]} Nxd5 {[%emt 0:01:18]} 8. Nxd5 {[%emt 0:00:14]} Qxd5 {[%emt 0:00:57]} 9. Qxd5 {[%emt 0:00:16]} Bxd5 {[%emt 0:00:04]} 10. Be5 {[%emt 0:00:22]} Bxe5 {[%emt 0:01:36]} 11. Nxe5 {[%emt 0:00:03]} Na6 {[%emt 0:05:21]} 12. e4 {[%emt 0:05:32]} Bxe4 {[%emt 0:00:31]} 13. Bb5+ {[%emt 0:00:23]} Kf8 {[%emt 0:00:28]} 14. Bxa6 {[%emt 0:00:22]} bxa6 {[%emt 0:00:06]} 15. O-O {[%emt 0:00:12]} f6 {[%emt 0:01:04]} 16. Rfe1 {[%emt 0:00:44]} Bd5 {[%emt 0:01:25]} 17. Rad1 {[%emt 0:04:10]} Bxa2 {[%emt 0:04:36]} 18. Nc6 {[%emt 0:00:59]} Rc8 {[%emt 0:01:33]} 19. Nxe7 {[%emt 0:06:37]} Rxc5 {[%emt 0:00:43]} 20. Rd7 {[%emt 0:00:38]} Re5 {[%emt 0:07:03]} 21. Rxe5 {[%emt 0:00:36]} fxe5 {[%emt 0:00:05]} 22. Nc6 {[%emt 0:00:31]} Rg8 {[%emt 0:02:37]} 23. Rxh7 {[%emt 0:00:25]} Rg7 {[%emt 0:00:11]} 24. Rxg7 {[%emt 0:00:39]} Kxg7 {[%emt 0:00:06]} 25. Nxe5 {[%emt 0:00:05]} Kf6 {[%emt 0:00:23]} 26. Ng4+ {[%emt 0:01:29]} Ke6 {[%emt 0:00:35]} 27. Ne3 {[%emt 0:00:26]} Kd6 {[%emt 0:00:25]} 28. Kf1 {[%emt 0:00:18]} Kc5 {[%emt 0:00:08]} 29. Ke2 {[%emt 0:00:19]} Kb4 {[%emt 0:01:27]} 30. Kd2 {[%emt 0:00:05]} Bb1 {[%emt 0:00:19]} 31. Kc1 {[%emt 0:04:47]} Bd3 {[%emt 0:00:54]} 32. Kd2 {[%emt 0:03:41]} Bb1 {[%emt 0:00:16]} 33. h4 {[%emt 0:01:08]} a5 {[%emt 0:02:19]} 34. g4 {[%emt 0:00:29]} a4 {[%emt 0:00:05]} 35. f4 {[%emt 0:00:16]} Kb3 {[%emt 0:09:10]} 36. Kc1 {[%emt 0:00:05]} Be4 {[%emt 0:00:08]} 37. f5 {[%emt 0:00:09]} gxf5 {[%emt 0:00:12]} 38. Nxf5 {[%emt 0:00:12]} Bd5 {[%emt 0:01:56]} 39. h5 {[%emt 0:00:11]} Bf7 {[%emt 0:03:47]} 40. h6 {[%emt 0:00:18]} 1-0

[Event "Dutch Open-ch 2019"]
[Site "Dieren"]
[Date "2019.08.01"]
[Round "9.14"]
[White "Ojas Kulkarni"]
[Black "De Jonge, Boris"]
[Result "1/2-1/2"]
[WhiteElo "2251"]
[BlackElo "2059"]
[Annotator "NA"]
[PlyCount "69"]
[EventDate "2019.07.23"]
[EventType "swiss"]
[EventCountry "NED"]
[SourceTitle "playchess.com"]
[Source "ChessBase"]
[SourceQuality "1"]
[TimeControl "40/5400+30:1800+30"]

1. c4 {[%emt 0:00:00]} c6 {[%emt 0:00:00]} 2. Nf3 {[%emt 0:00:00]} d5 {[%emt 0:00:32]} 3. b3 {[%emt 0:00:00]} Bf5 {[%emt 0:01:48]} 4. Bb2 {[%emt 0:00:00]} e6 {[%emt 0:00:58]} 5. g3 {[%emt 0:00:13]} Nf6 {[%emt 0:01:10]} 6. Bg2 {[%emt 0:00:08]} Nbd7 {[%emt 0:01:44]} 7. O-O {[%emt 0:00:21]} h6 {[%emt 0:02:10]} 8. d3 {[%emt 0:00:03]} Bh7 {[%emt 0:01:05]} 9. Nbd2 {[%emt 0:00:14]} Be7 {[%emt 0:00:19]} 10. Rc1 {[%emt 0:00:07]} O-O {[%emt 0:00:24]} 11. Rc2 {[%emt 0:00:03]} Qa5 {[%emt 0:04:26]} 12. Qa1 {[%emt 0:01:48]} Rfc8 {[%emt 0:00:46]} 13. Rfc1 {[%emt 0:01:53]} Qd8 {[%emt 0:00:22]} 14. Ne5 {[%emt 0:08:46]} Nxe5 {[%emt 0:02:05]} 15. Bxe5 {[%emt 0:00:03]} Ba3 {[%emt 0:03:11]} 16. Bb2 {[%emt 0:00:39]} Bxb2 {[%emt 0:00:48]} 17. Qxb2 {[%emt 0:00:03]} a5 {[%emt 0:03:36]} 18. Nf3 {[%emt 0:00:55]} Nd7 {[%emt 0:03:24]} 19. Bh3 {[%emt 0:04:42]} dxc4 {[%emt 0:02:50]} 20. Rxc4 {[%emt 0:01:31]} Qf6 {[%emt 0:03:30]} 21. Qxf6 {[%emt 0:02:32]} Nxf6 {[%emt 0:01:11]} 22. Ne5 {[%emt 0:00:09]} Rd8 {[%emt 0:01:24]} 23. Bg2 {[%emt 0:01:26]} Nd5 {[%emt 0:02:02]} 24. a3 {[%emt 0:03:31]} Kf8 {[%emt 0:02:36]} 25. Rc5 {[%emt 0:02:38]} Nc7 {[%emt 0:04:01]} 26. Nc4 {[%emt 0:02:08]} Nb5 {[%emt 0:01:12]} 27. Rb1 {[%emt 0:10:02]} Ra6 {[%emt 0:05:13]} 28. Rb2 {[%emt 0:06:31]} a4 {[%emt 0:02:04]} 29. b4 {[%emt 0:01:53]} f6 {[%emt 0:11:29]} 30. Na5 {[%emt 0:08:48]} Nd6 {[%emt 0:09:29]} 31. Nc4 {[%emt 0:03:10]} Nb5 {[%emt 0:00:17]} 32. Na5 {[%emt 0:00:07]} Nd6 {[%emt 0:00:09]} 33. d4 {[%emt 0:17:34]} Raa8 {[%emt 0:05:49]} 34. Rc1 {[%emt 0:09:39]} Rab8 {[%emt 0:04:01]} 35. e3 {[%emt 0:01:43]} 1/2-1/2

[Event "Dutch Open-ch 2019"]
[Site "Dieren"]
[Date "2019.08.01"]
[Round "9.15"]
[White "Mulder, Bart-Piet"]
[Black "Wedda, Dries"]
[Result "0-1"]
[WhiteElo "2154"]
[BlackElo "2234"]
[Annotator "NA"]
[PlyCount "126"]
[EventDate "2019.07.23"]
[EventType "swiss"]
[EventCountry "NED"]
[SourceTitle "playchess.com"]
[Source "ChessBase"]
[SourceQuality "1"]
[TimeControl "40/5400+30:1800+30"]

1. d4 {[%emt 0:03:03]} Nf6 {[%emt 0:00:24]} 2. Nf3 {[%emt 0:00:19]} b6 {[%emt 0:00:24]} 3. g3 {[%emt 0:00:30]} Bb7 {[%emt 0:00:01]} 4. Bg2 {[%emt 0:00:06]} g6 {[%emt 0:00:13]} 5. c4 {[%emt 0:00:10]} Bg7 {[%emt 0:00:05]} 6. Nc3 {[%emt 0:00:40]} Ne4 {[%emt 0:01:26]} 7. Nxe4 {[%emt 0:01:00]} Bxe4 {[%emt 0:00:03]} 8. O-O {[%emt 0:00:25]} O-O {[%emt 0:00:11]} 9. Be3 {[%emt 0:00:37]} d6 {[%emt 0:03:53]} 10. Qd2 {[%emt 0:00:38]} e6 {[%emt 0:12:45]} 11. Bh6 {[%emt 0:07:20]} Nd7 {[%emt 0:07:22]} 12. Bxg7 {[%emt 0:03:04]} Kxg7 {[%emt 0:00:02]} 13. Ne1 {[%emt 0:08:30]} Bxg2 {[%emt 0:01:13]} 14. Nxg2 {[%emt 0:00:06]} Qe7 {[%emt 0:16:16]} 15. e4 {[%emt 0:10:13]} e5 {[%emt 0:03:42]} 16. d5 {[%emt 0:01:52]} f5 {[%emt 0:06:11]} 17. exf5 {[%emt 0:00:17]} gxf5 {[%emt 0:00:24]} 18. f4 {[%emt 0:00:41]} e4 {[%emt 0:01:30]} 19. Ne3 {[%emt 0:06:21]} Qf6 {[%emt 0:05:18]} 20. g4 {[%emt 0:11:07]} fxg4 {[%emt 0:02:26]} 21. Nxg4 {[%emt 0:02:38]} Qh4 {[%emt 0:10:38]} 22. Kh1 {[%emt 0:06:45]} Kf7 {[%emt 0:01:07]} 23. Ne3 {[%emt 0:05:35]} Qh5 {[%emt 0:07:01]} 24. Rae1 {[%emt 0:05:51]} Nc5 {[%emt 0:13:27]} 25. Nc2 {[%emt 0:01:19]} a5 {[%emt 0:00:23]} 26. Nd4 {[%emt 0:00:26]} Rae8 {[%emt 0:00:12]} 27. Re3 {[%emt 0:06:21]} Rg8 {[%emt 0:00:51]} 28. f5 {[%emt 0:00:55]} Rg4 {[%emt 0:00:30]} 29. Ne6 {[%emt 0:01:29]} Reg8 {[%emt 0:01:03]} 30. Qe2 {[%emt 0:04:33]} Qh4 {[%emt 0:02:56]} 31. Qe1 {[%emt 0:08:00]} Qxe1 {[%emt 0:00:08]} 32. Rexe1 {[%emt 0:00:17]} Nd3 {[%emt 0:00:09]} 33. Re2 {[%emt 0:00:20]} e3 {[%emt 0:00:06]} 34. h3 {[%emt 0:01:40]} Rg3 {[%emt 0:01:31]} 35. Kh2 {[%emt 0:00:02]} Ne5 {[%emt 0:01:03]} 36. Nd4 {[%emt 0:01:54]} Nxc4 {[%emt 0:00:22]} 37. f6 {[%emt 0:00:44]} Nd2 {[%emt 0:00:12]} 38. Rf4 {[%emt 0:01:31]} Rg1 {[%emt 0:00:45]} 39. Nf5 {[%emt 0:01:32]} Nf1+ 40. Rxf1 {[%emt 0:00:04]} Rxf1 {[%emt 0:02:42]} 41. Nh6+ {[%emt 0:30:23]} Kf8 {[%emt 0:30:16]} 42. Nxg8 {[%emt 0:00:00]} Rf2+ {[%emt 0:00:00]} 43. Rxf2 {[%emt 0:00:00]} exf2 {[%emt 0:00:00]} 44. Kg2 {[%emt 0:00:00]} Kxg8 {[%emt 0:00:00]} 45. Kxf2 {[%emt 0:00:00]} Kf7 {[%emt 0:00:00]} 46. Kf3 {[%emt 0:00:00]} Kxf6 {[%emt 0:00:00]} 47. Kf4 {[%emt 0:00:00]} Ke7 {[%emt 0:00:00]} 48. h4 {[%emt 0:00:00]} Kd7 {[%emt 0:00:00]} 49. h5 {[%emt 0:00:00]} c6 {[%emt 0:00:00]} 50. Ke4 {[%emt 0:00:00]} b5 {[%emt 0:00:00]} 51. h6 {[%emt 0:00:00]} c5 {[%emt 0:00:00]} 52. b3 {[%emt 0:00:08]} a4 {[%emt 0:04:00]} 53. bxa4 {[%emt 0:03:41]} b4 {[%emt 0:02:09]} 54. a5 {[%emt 0:03:20]} Kc7 {[%emt 0:00:08]} 55. Kf5 {[%emt 0:00:27]} Kb7 {[%emt 0:01:21]} 56. Ke6 {[%emt 0:00:34]} c4 {[%emt 0:00:21]} 57. Kxd6 {[%emt 0:00:03]} c3 {[%emt 0:00:21]} 58. a6+ {[%emt 0:00:40]} Kxa6 {[%emt 0:00:09]} 59. Ke7 {[%emt 0:00:06]} c2 {[%emt 0:00:05]} 60. d6 {[%emt 0:00:04]} c1=Q {[%emt 0:00:04]} 61. d7 {[%emt 0:00:02]} Qxh6 {[%emt 0:00:35]} 62. d8=Q {[%emt 0:00:40]} Qh4+ {[%emt 0:00:06]} 63. Kd7 {[%emt 0:00:06]} Qxd8+ {[%emt 0:00:06]} 0-1

[Event "Dutch Open-ch 2019"]
[Site "Dieren"]
[Date "2019.08.01"]
[Round "9.16"]
[White "Nair, Sanjeev"]
[Black "Bhattacharjee, Sourav"]
[Result "0-1"]
[WhiteElo "2045"]
[BlackElo "2218"]
[Annotator "NA"]
[PlyCount "130"]
[EventDate "2019.07.23"]
[EventType "swiss"]
[EventCountry "NED"]
[SourceTitle "playchess.com"]
[Source "ChessBase"]
[SourceQuality "1"]
[TimeControl "40/5400+30:1800+30"]

1. e4 {[%emt 0:00:00]} c5 {[%emt 0:00:00]} 2. Nf3 {[%emt 0:00:00]} d6 {[%emt 0:00:00]} 3. d4 {[%emt 0:00:00]} cxd4 {[%emt 0:00:00]} 4. Nxd4 {[%emt 0:00:00]} Nf6 {[%emt 0:00:00]} 5. Nc3 {[%emt 0:00:02]} a6 {[%emt 0:00:00]} 6. Bd3 {[%emt 0:00:32]} e5 {[%emt 0:04:35]} 7. Nde2 {[%emt 0:00:13]} Be7 {[%emt 0:01:17]} 8. O-O {[%emt 0:00:48]} Nbd7 {[%emt 0:03:10]} 9. Ng3 {[%emt 0:09:41]} Nc5 {[%emt 0:03:43]} 10. Be2 {[%emt 0:02:45]} Be6 {[%emt 0:01:40]} 11. Be3 {[%emt 0:12:14]} b5 {[%emt 0:05:11]} 12. a4 {[%emt 0:04:57]} b4 {[%emt 0:02:33]} 13. Nd5 {[%emt 0:00:09]} Bxd5 {[%emt 0:12:06]} 14. exd5 {[%emt 0:01:19]} O-O {[%emt 0:00:39]} 15. f4 {[%emt 0:11:01]} e4 {[%emt 0:11:52]} 16. Qd2 {[%emt 0:07:29]} Re8 {[%emt 0:03:36]} 17. Rfd1 {[%emt 0:03:21]} Qa5 {[%emt 0:17:54]} 18. Nf5 {[%emt 0:05:28]} Ncd7 {[%emt 0:00:29]} 19. Bc4 {[%emt 0:18:24]} Nb6 {[%emt 0:04:32]} 20. Bb3 {[%emt 0:00:29]} Rac8 {[%emt 0:07:14]} 21. Qd4 {[%emt 0:01:14]} Nbd7 {[%emt 0:01:20]} 22. Kh1 {[%emt 0:03:40]} Bf8 {[%emt 0:02:14]} 23. h3 {[%emt 0:01:13]} g6 {[%emt 0:01:33]} 24. Ng3 {[%emt 0:01:04]} Bg7 {[%emt 0:00:21]} 25. Qd2 {[%emt 0:02:17]} Nc5 {[%emt 0:02:04]} 26. Bc4 {[%emt 0:01:07]} Nfd7 {[%emt 0:03:43]} 27. Bd4 {[%emt 0:01:48]} Bxd4 {[%emt 0:04:43]} 28. Qxd4 {[%emt 0:00:09]} Qd8 {[%emt 0:00:20]} 29. c3 {[%emt 0:05:19]} Rb8 {[%emt 0:02:21]} 30. Qe3 {[%emt 0:02:25]} Qh4 {[%emt 0:01:27]} 31. Ne2 {[%emt 0:01:35]} Nd3 {[%emt 0:01:22]} 32. Rd2 {[%emt 0:04:13]} N7c5 {[%emt 0:01:18]} 33. Kh2 {[%emt 0:00:51]} bxc3 {[%emt 0:02:10]} 34. bxc3 {[%emt 0:00:14]} Qf6 {[%emt 0:00:49]} 35. g3 {[%emt 0:00:40]} Rb2 {[%emt 0:00:41]} 36. Rxb2 {[%emt 0:00:47]} Nxb2 {[%emt 0:00:04]} 37. Ba2 {[%emt 0:00:26]} Nbxa4 {[%emt 0:00:14]} 38. Nd4 {[%emt 0:00:28]} Rb8 {[%emt 0:00:16]} 39. Rb1 {[%emt 0:00:16]} Rxb1 {[%emt 0:01:15]} 40. Bxb1 {[%emt 0:00:02]} Qd8 {[%emt 0:00:28]} 41. Nc6 {[%emt 0:30:32]} Qe8 {[%emt 0:05:33]} 42. f5 {[%emt 0:00:00]} Nb6 {[%emt 0:03:17]} 43. Ba2 {[%emt 0:00:00]} Nbd7 {[%emt 0:05:38]} 44. Kg2 {[%emt 0:00:00]} Kg7 {[%emt 0:05:05]} 45. h4 {[%emt 0:00:00]} Nf6 {[%emt 0:01:28]} 46. h5 {[%emt 0:00:00]} Nxh5 {[%emt 0:04:51]} 47. g4 {[%emt 0:00:00]} Nf6 {[%emt 0:00:07]} 48. g5 {[%emt 0:00:00]} Ng4 {[%emt 0:00:41]} 49. f6+ {[%emt 0:00:00]} Kh8 {[%emt 0:00:13]} 50. Qe2 {[%emt 0:00:00]} h5 {[%emt 0:01:18]} 51. Ne7 {[%emt 0:00:00]} e3 {[%emt 0:01:08]} 52. Bb1 {[%emt 0:00:00]} Qb5 {[%emt 0:01:36]} 53. Qxb5 {[%emt 0:03:06]} axb5 {[%emt 0:00:04]} 54. Kf1 {[%emt 0:00:02]} h4 {[%emt 0:00:46]} 55. Bxg6 {[%emt 0:00:47]} fxg6 {[%emt 0:01:58]} 56. Nxg6+ {[%emt 0:00:03]} Kg8 {[%emt 0:00:06]} 57. Nxh4 {[%emt 0:05:20]} Ne4 {[%emt 0:00:38]} 58. Nf5 {[%emt 0:00:00]} Nxc3 {[%emt 0:00:27]} 59. Nxd6 {[%emt 0:00:00]} e2+ {[%emt 0:00:25]} 60. Ke1 {[%emt 0:00:00]} Ne5 {[%emt 0:00:05]} 61. f7+ {[%emt 0:00:00]} Kf8 {[%emt 0:00:11]} 62. g6 {[%emt 0:00:00]} Nf3+ {[%emt 0:00:39]} 63. Kf2 {[%emt 0:00:00]} e1=Q+ {[%emt 0:00:06]} 64. Kxf3 {[%emt 0:00:00]} Nxd5 {[%emt 0:00:24]} 65. Nf5 {[%emt 0:00:00]} Ne7 {[%emt 0:01:14]} 0-1

[Event "Dutch Open-ch 2019"]
[Site "Dieren"]
[Date "2019.08.01"]
[Round "9.17"]
[White "Mesman, Edwyn"]
[Black "Baselmans, Sam"]
[Result "1/2-1/2"]
[WhiteElo "2204"]
[BlackElo "2064"]
[Annotator "NA"]
[PlyCount "70"]
[EventDate "2019.07.23"]
[EventType "swiss"]
[EventCountry "NED"]
[SourceTitle "playchess.com"]
[Source "ChessBase"]
[SourceQuality "1"]
[TimeControl "40/5400+30:1800+30"]

1. d4 {[%emt 0:00:01]} Nf6 {[%emt 0:00:00]} 2. c4 {[%emt 0:00:10]} g6 {[%emt 0:00:00]} 3. Nc3 {[%emt 0:00:05]} Bg7 {[%emt 0:00:00]} 4. e4 {[%emt 0:00:04]} d6 {[%emt 0:00:00]} 5. Be2 {[%emt 0:00:12]} O-O {[%emt 0:00:00]} 6. Nf3 {[%emt 0:00:06]} Na6 {[%emt 0:00:05]} 7. Be3 {[%emt 0:03:37]} e5 {[%emt 0:03:58]} 8. O-O {[%emt 0:04:31]} Ng4 {[%emt 0:02:03]} 9. Bg5 {[%emt 0:00:51]} Qe8 {[%emt 0:01:02]} 10. h3 {[%emt 0:16:49]} f6 {[%emt 0:10:56]} 11. hxg4 {[%emt 0:22:13]} fxg5 {[%emt 0:02:55]} 12. d5 {[%emt 0:00:45]} Bxg4 {[%emt 0:02:26]} 13. Nxg5 {[%emt 0:00:15]} Qe7 {[%emt 0:00:42]} 14. Bxg4 {[%emt 0:12:47]} Qxg5 {[%emt 0:00:05]} 15. g3 {[%emt 0:00:16]} h5 {[%emt 0:06:10]} 16. Be6+ {[%emt 0:01:10]} Kh7 {[%emt 0:00:25]} 17. Kg2 {[%emt 0:00:15]} Bh6 {[%emt 0:03:10]} 18. Rh1 {[%emt 0:03:28]} Rf4 {[%emt 0:09:00]} 19. Qe2 {[%emt 0:02:20]} Raf8 {[%emt 0:02:27]} 20. Raf1 {[%emt 0:01:49]} h4 {[%emt 0:02:35]} 21. Rh3 {[%emt 0:02:43]} Nc5 {[%emt 0:06:28]} 22. b4 {[%emt 0:03:10]} Nxe6 {[%emt 0:00:15]} 23. dxe6 {[%emt 0:00:06]} c6 {[%emt 0:00:46]} 24. Qd1 {[%emt 0:05:15]} hxg3 {[%emt 0:01:31]} 25. Rxg3 {[%emt 0:11:54]} Qf6 {[%emt 0:03:08]} 26. f3 {[%emt 0:00:06]} Qxe6 {[%emt 0:02:19]} 27. Rh1 {[%emt 0:00:11]} g5 {[%emt 0:11:35]} 28. Ne2 {[%emt 0:01:04]} R4f6 {[%emt 0:29:59]} 29. Qd3 {[%emt 0:02:45]} Rg6 {[%emt 0:00:00]} 30. Rg4 {[%emt 0:01:03]} b5 {[%emt 0:00:00]} 31. cxb5 {[%emt 0:02:24]} cxb5 {[%emt 0:00:00]} 32. a3 {[%emt 0:00:13]} Rgf6 {[%emt 0:00:00]} 33. Rxg5 {[%emt 0:01:22]} Rxf3 {[%emt 0:00:00]} 34. Qxf3 {[%emt 0:00:42]} Rxf3 {[%emt 0:00:00]} 35. Kxf3 {[%emt 0:00:05]} Qb3+ {[%emt 0:00:00]} 1/2-1/2